Normal view
MARC view
- Levi, Mark,
Entry Personal Name
001 - CONTROL NUMBER
- control field: 10483
003 - CONTROL NUMBER IDENTIFIER
- control field: NUST
005 - DATE AND TIME OF LATEST TRANSACTION
- control field: 20180523062207.0
008 - FIXED-LENGTH DATA ELEMENTS
- fixed length control field: 180523|| aca||aabn | a|a d
040 ## - CATALOGING SOURCE
- Original cataloging agency: NUST
- Transcribing agency: NUST
100 ## - HEADING--PERSONAL NAME
- Personal name: Levi, Mark,
- Dates associated with a name: 1951-
670 ## - SOURCE DATA FOUND
- Source citation: Work cat.: (NUST)0: Levi, Mark, 1951-, Classical mechanics with calculus of variations, and optimal control :
